| 000 | 00451nam a22001577a 4500 | ||
|---|---|---|---|
| 003 | OSt | ||
| 082 | _a630 | ||
| 088 | _aP558 | ||
| 100 |
_aAASHNA, M. S _aADITHYA, DEVARAJ _aAMANA, C _aASHITHA, THOMAS _95319 |
||
| 245 | _aPERFORMANCE EVALUATION OF TRACTOR OPERATED YARROW BUND MAKER FOR PADDY CULTIVATION | ||
| 260 |
_aThavanur _c2022 |
||
| 300 | _a68 | ||
| 700 | _aEr. SINDHU, BHASKAR (Guide) | ||
| 700 |
_aDr. RAJESH, A. N (Guide) _95320 |
||
| 942 | _cPR | ||
| 999 |
_c17590 _d17590 |
||